000 00314nam a22001337a 4500
003 SGT
082 _a340,SRI
100 _aSRIDHAR'S,M.
245 _aUNFAIR RENT UNEOMTRALE CONTRAL
260 _aHYDERABAD
_bASIA LAW HOUSE
_c2009
300 _a491
650 _aUNFAIR RENT UNEOMTRALE CONTRAL
942 _2ddc
_cBK
999 _c11422
_d11422